Le comportement des consommateurs dans le centre commercial diplomová práca

Salvato in:
Dettagli Bibliografici
Autore principale: Korytinová, Kristína, 1995-
Ente Autore: Obchodná fakulta EU. Katedra marketingu
Altri autori: Kita, Pavol
Natura: Libro
Lingua:francese
Pubblicazione: Bratislava 2018
Tags: Aggiungi Tag
Nessun Tag, puoi essere il primo ad aggiungerne!!

MARC

LEADER 00000nbm a2200000 4500
001 0243386
005 20190227143026.3
041 0 |a fre 
044 |a SK 
245 1 0 |a Le comportement des consommateurs dans le centre commercial  |b diplomová práca  |c Kristína Korytinová ; školiteľ: Pavol Kita 
264 1 |a Bratislava  |c 2018 
300 |a 84 s. 
100 1 |a Korytinová, Kristína, 1995- 
700 1 |a Kita, Pavol 
710 2 |a Obchodná fakulta EU. Katedra marketingu